Fray Antonio Alcalde, Obispo en Indias /

Gespeichert in:
Bibliographische Detailangaben
1. Verfasser: San José Díez, Mariano (autor)
Weitere Verfasser: Mora López, Alberto (presentación) (presentación)
Format: Buch
Sprache:Spanisch
Veröffentlicht: Guadalajara, México : Concejo Municipal de Guadalajara, 1992, c1992
Tags: Tag hinzufügen
Keine Tags, Fügen Sie das erste Tag hinzu!

MARC

LEADER 00000nam^a2200000^a^4500
001 000584812
005 20250526000000.0
009 20260310132716.927
037 |a Acervo ITESO - Biblioteca 
041 |a ESP 
091 |a FCO. 00979 
100 |a San José Díez, Mariano  |e (autor) 
245 1 0 |a Fray Antonio Alcalde, Obispo en Indias / 
264 4 |a Guadalajara, México :  |b Concejo Municipal de Guadalajara,  |c 1992, c1992 
300 |a 184 p., 1 plano ;  |c 27.0 cm. 
336 |a texto  |b txt  |2 rdacontenido 
337 |a sin mediación  |b n  |2 rdamedio 
338 |a volumen  |b nc  |2 rdasoporte 
649 |a XX 
700 |a Mora López, Alberto  |e (presentación) 
910 |a Fondo Erich Coufal Kieswetter 
920 |a Impresos - Libros 
930 |a Libros Antiguos y Raros 
905 |a 142 
901 |a 0500407838  |b IT2  |c LRA  |i D  |u 20250526 
902 |a https://opac.biblio.iteso.mx/vufind/Record/000584812